|
|
|
|
| LEADER |
00000nam a2200000 a 4500 |
| 001 |
vtls008294418 |
| 003 |
SK-MaSNL |
| 005 |
20260302074134.0 |
| 008 |
240315s2003 xo g 000 0 slo |
| 015 |
|
|
|a SNBA2005/11-04638
|
| 020 |
|
|
|a 8089007325
|q (brož.)
|
| 040 |
|
|
|a SNK
|b slo
|c SNK
|e AACR2
|
| 072 |
|
7 |
|a 27-5
|x Kresťanské umenie a symbolika. Duchovný život
|2 konspekt
|
| 080 |
|
|
|a 27-23
|2 MDT-MRF
|
| 080 |
|
|
|a 27-277.2
|2 MDT-MRF
|
| 080 |
|
|
|a 271-528
|2 MDT-MRF
|
| 080 |
|
|
|a (049)
|2 MDT-MRF
|
| 080 |
|
|
|a 272-528.8
|2 MDT-MRF
|
| 100 |
1 |
|
|a Fedor, Peter
|4 aut
|9 10098
|
| 245 |
1 |
0 |
|a Biblické horizonty v gréckokatolíckej liturgii Jána Zlatoústeho
|
| 246 |
3 |
1 |
|a Horyzonty biblijne w grekokatolickiej liturgii Jana Złotoustego
|
| 250 |
|
|
|a [1. vyd.]
|
| 260 |
|
|
|a Prešov
|b Petra
|c 2003
|
| 300 |
|
|
|a 136 s.
|c 21 cm
|
| 500 |
|
|
|a Súbež. názov poľ.
|
| 504 |
|
|
|a Bibliogr. odkazy. Pozn. Použité skrat.
|
| 610 |
2 |
7 |
|a Gréckokatolícka cirkev
|2 SNKPH
|9 32576
|
| 630 |
0 |
7 |
|a Biblia
|2 SNKPH
|9 17043
|
| 650 |
0 |
7 |
|a biblická exegéza
|2 SNKPH
|9 4349
|
| 650 |
0 |
7 |
|a východná kresťanská liturgia
|2 SNKPH
|9 79146
|
| 655 |
|
7 |
|a rozpravy
|2 SNKPH
|9 70559
|
| 919 |
|
|
|a 80-89007-32-5
|
| 958 |
|
|
|a OND
|
| 968 |
|
|
|d 2
|
| 999 |
|
|
|c 1163846
|d 1165776
|
| 952 |
|
|
|a SNK
|b SNK
|y PREZ
|7 0
|p 17A0480699
|o snkSC 121002
|i snk2005/14284
|8 0
|0 0
|1 0
|4 0
|d 2005-08-15
|l 0
|r 2025-05-30 00:00:00
|w 2026-02-24
|
| 952 |
|
|
|a SNK
|b SNK
|y VYP
|7 0
|p 17A0480709
|o snkSC 121002 D1
|i snk2005/14285
|8 0
|0 0
|1 0
|4 0
|d 2005-08-15
|l 0
|r 2026-02-24 20:41:21
|w 2026-02-24
|